• 首页
  • 本馆介绍
  • 公告通知
  • 最新文献
  • 馆藏检索
  • 电子资源
  • 读者导购
  • 参考咨询
  • 我的图书馆
  • 登录
  • 详细信息显示
  • 放入我的书架
  • 预约/预借图书
  • 作者相关作品
  • 分类相关作品
  • 丛书相关作品
  • 出版社相关作品

书目信息

  • 表格格式
  • 工作单格式
  • 卡片格式
题名:
战后美国第六次经济危
    
 
作者: ;武汉大学经济系北美经济研究室 编
分册:  
出版信息: 北京   商务印书馆  1978.11
页数: 120页
开本: 19cm
丛书名:
单 册:
中图分类: F115
科图分类:
主题词: 经济--世界 , 国际经济关系
电子资源:
ISBN:
000 00665nam0 2200217 45
001 0303271036
005 20040425091633.7
010    @dCNY0.33
091    @a4017.190
100    @a20030327d1978 km y0chiy0120 ea
101 0  @achi
105    @a z 000yy
200 1  @a战后美国第六次经济危@AZhan Hou Mei Guo Di Liu Ci Jing Ji Wei@f武汉大学经济系北美经济研究室编@FWu Han Da Xue Jing Ji Xi Bei Mei Jing Ji Yan Jiu Shi Bian
210    @a北京@c商务印书馆@d1978.11
215    @a120页@d19cm
606 0  @a经济@x世界
606 0  @a国际经济关系
690    @aF115@v3
711 02 @a武汉大学经济系北美经济研究室@4编
801    @aCN@bTSTC@c20030327
905    @dF115@e5@f1@b7526
    
    战后美国第六次经济危/武汉大学经济系北美经济研究室编.-北京:商务印书馆,1978.11
    120页;19cm
    
    
    ISBN :CNY0.33
    
●
相关链接 在E读中查询图书 在五车中查询图书 在当当中查询图书 在豆瓣中查询图书


正题名:战后美国第六次经济危     索取号:F115/5         预约/预借

序号 登录号 条形码 馆藏地/架位号 状态 备注
1 0007525   001773879   密集书库/ [索取号:F115/5] 在馆    
2 0007526   000196718   第一样本阅览室/ [索取号:F115/5] 在馆    
唐山师范学院图书馆 欢迎您!
大连网信软件有限公司© 版权所有